[Event "IRI-ch U18 Girls"]
[Site "Chess.com INT"]
[Date "2021.01.16"]
[Round "5"]
[White "Soltani, Katayoon"]
[Black "Rahimi, Panteha"]
[Result "0-1"]
[WhiteElo "1181"]
[BlackElo "1588"]
[PlyCount "96"]
[EventDate "2021.01.16"]
[EventType "swiss"]
[EventRounds "9"]
[EventCountry "IRI"]
[SourceTitle "CBM 200 Extra"]
[Source "ChessBase"]
[SourceDate "2021.03.31"]
[SourceVersion "1"]
[SourceVersionDate "2021.03.31"]
[SourceQuality "1"]

1. e4 c5 2. Nf3 e6 3. d4 cxd4 4. Nxd4 a6 5. Nc3 b5 6. Be3 Bb7 7. f3 d6 8. a3 Nf6 9. Bd3 Qc7 10. 0-0 Be7 11. Qd2 Nbd7 12. Bg5 h6 13. Bh4 Nxe4 14. fxe4 Bxh4 15. Qf4 Bf6 16. Rae1 Bxd4+ 17. Kh1 Bf6 18. Ne2 Ne5 19. Ng3 Nxd3 20. cxd3 Be5 21. Qg4 Qe7 22. Nh5 Qg5 23. Qh3 g6 24. Nf4 Bxf4 25. Qf3 0-0 26. Qxf4 Qxf4 27. Rxf4 Rac8 28. Rb1 Rc2 29. h3 Rfc8 30. Kh2 Rc1 31. Rxc1 Rxc1 32. Rf2 d5 33. exd5 Bxd5 34. Rd2 Kf8 35. d4 Ke7 36. Kg3 Bb3 37. Kg4 Rc2 38. Rxc2 Bxc2 39. h4 Bf5+ 40. Kf4 Kd6 41. g4 Bc2 42. g5 h5 43. Ke3 Kd5 44. Kd2 Bf5 45. Kc3 a5 46. b4 a4 47. Kb2 Kxd4 48. Ka2 e5 0-1